000 00643nam a2200205Ia 4500
999 _c9908
_d9908
003 GCL
005 20240530095723.0
008 140319s9999 xx 000 0 ara d
020 _a3 564 85516 1
040 _aGCL /
_cGCL
082 0 4 _a811.09
_bغ ر
100 1 _aغازى عبدالرحمن القصيبى
245 1 0 _aرجل جاء وذهب /
_cغازى عبدالرحمن القصيبى
250 _aالثانية
260 _aبيروت :
_bدار الساقى ،
_c2005
300 _a95 ص ؛
_c21 سم
650 0 4 _aالادب العربى
650 0 4 _aالشعر العربى - دواوين وقصائد
942 _2ddc
_cBK